000 00715nam a2200193Ia 4500
008 151119s9999||||xx |||||||||||||| ||und||
082 _a294.592
082 _bGKKV9832
100 _aगांधी महात्मा
245 _aगीताविचार गांधीविचार दर्शन खंड २
260 _a--
260 _b--
260 _c0
600 _aगांधी महात्मा
630 _aगीताविचार गांधीविचार दर्शन खंड २
700 _aगांधी महात्मा
730 _aगीताविचार गांधीविचार दर्शन खंड २
942 _cBOOK
999 _c1064064
_d1064061